<?xml version="1.0" encoding="UTF-8"?><?xml-stylesheet type="text/xsl" href="static/style.xsl"?><OAI-PMH xmlns="http://www.openarchives.org/OAI/2.0/" xmlns:xsi="http://www.w3.org/2001/XMLSchema-instance" xsi:schemaLocation="http://www.openarchives.org/OAI/2.0/ http://www.openarchives.org/OAI/2.0/OAI-PMH.xsd"><responseDate>2026-06-01T04:33:54Z</responseDate><request verb="GetRecord" identifier="oai:riuma.uma.es:10630/35611" metadataPrefix="marc">https://riuma.uma.es/rest/oai/request</request><GetRecord><record><header><identifier>oai:riuma.uma.es:10630/35611</identifier><datestamp>2026-02-03T10:59:25Z</datestamp><setSpec>com_10630_2254</setSpec><setSpec>col_10630_37953</setSpec></header><metadata><record xmlns="http://www.loc.gov/MARC21/slim" xmlns:dcterms="http://purl.org/dc/terms/" xmlns:doc="http://www.lyncode.com/xoai" xmlns:xsi="http://www.w3.org/2001/XMLSchema-instance" xsi:schemaLocation="http://www.loc.gov/MARC21/slim http://www.loc.gov/standards/marcxml/schema/MARC21slim.xsd">
   <leader>00925njm 22002777a 4500</leader>
   <datafield ind2=" " ind1=" " tag="042">
      <subfield code="a">dc</subfield>
   </datafield>
   <datafield ind2=" " ind1=" " tag="720">
      <subfield code="a">De la Torre-Moreno, Pablo</subfield>
      <subfield code="e">author</subfield>
   </datafield>
   <datafield ind2=" " ind1=" " tag="720">
      <subfield code="a">León, Carlos</subfield>
      <subfield code="e">author</subfield>
   </datafield>
   <datafield ind2=" " ind1=" " tag="720">
      <subfield code="a">Salguero-Hidalgo, Alberto Gabriel</subfield>
      <subfield code="e">author</subfield>
   </datafield>
   <datafield ind2=" " ind1=" " tag="260">
      <subfield code="c">2021-03-08</subfield>
   </datafield>
   <datafield ind2=" " ind1=" " tag="520">
      <subfield code="a">The perception of suspense in stories is affected not only by general literary aspects like narrative structure and linguistic features, but also by anticipation and evocation of feelings like aversion, disgust or empathy. As such, it is possible to alter the feeling of suspense by modifying components of a story that convey these feelings to the audience. Based on a previous straightforward model of suspense adaptation, this paper describes the design, implementation and evaluation of a computational system that adapts narrative scenes for conveying a specific user-defined amount of suspense. The system is designed to address the impact of different types of emotional components on the reader. The relative weighted suspense of these components is computed with a regression model based on a sentiment analysis tool, and used as a fitness function in an evolutionary algorithm. This new function is able to identify the different weights on the prediction of suspense in aspects like outcome, decorative elements, or threat’s appearance. The results indicate that this approach represents a significant improvement over the previous existing approach.</subfield>
   </datafield>
   <datafield ind1="8" ind2=" " tag="024">
      <subfield code="a">P. Delatorre, C. León and A. S. Hidalgo, "Improving the Fitness Function of an Evolutionary Suspense Generator Through Sentiment Analysis," in IEEE Access, vol. 9, pp. 39626-39635, 2021, doi: 10.1109/ACCESS.2021.3064242</subfield>
   </datafield>
   <datafield ind1="8" ind2=" " tag="024">
      <subfield code="a">2169-3536</subfield>
   </datafield>
   <datafield ind1="8" ind2=" " tag="024">
      <subfield code="a">https://hdl.handle.net/10630/35611</subfield>
   </datafield>
   <datafield ind1="8" ind2=" " tag="024">
      <subfield code="a">10.1109/ACCESS.2021.3064242</subfield>
   </datafield>
   <datafield tag="653" ind2=" " ind1=" ">
      <subfield code="a">Previsión, Teoría de la</subfield>
   </datafield>
   <datafield ind2="0" ind1="0" tag="245">
      <subfield code="a">Improving the fitness function of an evolutionary suspense generator through sentiment analysis</subfield>
   </datafield>
</record>
</metadata></record></GetRecord></OAI-PMH>